000 00279nam a22001217a 4500
008 160519b xxu||||| |||| 00| 0 eng d
020 _a9781574392777
020 _a1574392778
041 _aeng
080 _a615
245 _aA to Z drug facts:
_cWolters Kluwer;
942 _2udc
_cBK
999 _c2236
_d2236